Salterio del breviario romano para cada día de la semana
Guardat en:
| Autor corporatiu: | |
|---|---|
| Format: | Llibre |
| Idioma: | espanyol |
| Publicat: |
Madrid
Biblioteca de Autores Cristianos
1966
|
| Edició: | 1a. ed |
| Matèries: | |
| Etiquetes: |
Afegir etiqueta
Sense etiquetes, Sigues el primer a etiquetar aquest registre!
|
MARC
| LEADER | 00000cam a2200000 a 4500 | ||
|---|---|---|---|
| 001 | UCD5410 | ||
| 003 | CL-VaPUC | ||
| 008 | 160908e19660000sp |||||||||||||||||spa|d | ||
| 082 | 0 | 4 | |a 223.2 |b CEL |2 21 |
| 110 | 2 | |a CELAM |e author |9 589155 | |
| 245 | 1 | 0 | |a Salterio del breviario romano para cada día de la semana |
| 250 | |a 1a. ed | ||
| 300 | |a 829 p | ||
| 942 | |c BK | ||
| 945 | |d 20160908 17:07:00 |a dcastane | ||
| 260 | |a Madrid |b Biblioteca de Autores Cristianos |c 1966 | ||
| 650 | 0 | |a Salmos |9 319607 | |
| 583 | |a last modification |c 20160908 17:07:00 |k Rodrigo Vera | ||
| 999 | |c 366073 |d 366071 | ||
| 952 | |0 0 |1 0 |3 erd |4 0 |6 223_200000000000000_CEL_1966 |7 0 |8 P |9 480101 |a BIBTEO |b BIBTES |c TEO_FTES |i 5239141 |o 223.2 CEL 1966 |p 5239141 |r 2024-01-18 |w 2019-11-24 |y BK |z Catalogado en:20160908 |k ICR | ||